[Event "candidates (w)"]
[Site "Malmo SWE"]
[Date "1986.02.??"]
[Round "9"]
[White "Litinskaya, Marta"]
[Black "Brustman, Agnieszka"]
[Result "0-1"]
[WhiteElo "2275"]
[BlackElo "2220"]
[EventDate "1986.02.01"]
[PlyCount "110"]

1.d4 Nf6 2.c4 g6 3.Nc3 Bg7 4.e4 d6 5.Nf3 O-O 6.h3 e5 7.d5 Nbd7 8.Be3 Kh8 
9.g4 Nc5 10.Nd2 Ng8 11.h4 f5 12.h5 fxg4 13.hxg6 h6 14.b4 Na6 15.a3 Qf6 16.
Be2 Qxg6 17.Nf1 Bf6 18.Ng3 Bg5 19.Qd2 Bxe3 20.Qxe3 Qf7 21.Nh5 Kh7 22.Rh2 
c5 23.b5 Nc7 24.O-O-O Ne8 25.Rg1 Ng7 26.Nxg7 Qxg7 27.Rg3 Rf6 28.Nd1 Bd7 
29.f3 Rg6 30.fxg4 Bxg4 31.Bxg4 Rxg4 32.Rxg4 Qxg4 33.Rf2 Qg6 34.Qf3 Rd8 35.
Rg2 Qf6 36.Qg4 Qf4+ 37.Qxf4 exf4 38.Rf2 Rf8 39.Ne3 Ne7 40.Nf5 Nxf5 41.Rxf4
Kg6 42.Kd2 Rf6 43.exf5+ Rxf5 44.Rg4+ Kf7 45.a4 h5 46.Re4 b6 47.Kd3 Kg6 48.
a5 Re5 49.Rf4 Rf5 50.Re4 Re5 51.Rf4 bxa5 52.Rf8 h4 53.Rd8 h3 54.Rxd6+ Kg5 
55.Rd7 Kg4 0-1

[Event "candidates (w)"]
[Site "Malmo SWE"]
[Date "1986.02.??"]
[Round "10"]
[White "Brustman, Agnieszka"]
[Black "Cramling, Pia"]
[Result "1-0"]
[WhiteElo "2220"]
[BlackElo "2400"]
[EventDate "1986.02.01"]
[PlyCount "81"]

1.e4 c5 2.Nf3 e6 3.d4 cxd4 4.Nxd4 Nc6 5.Nc3 d6 6.Be2 Nf6 7.Be3 Be7 8.O-O 
O-O 9.Kh1 Bd7 10.f4 Qc7 11.Qe1 Rfe8 12.Rd1 a6 13.a4 Rac8 14.Qg3 Bf8 15.e5 
dxe5 16.fxe5 Qxe5 17.Bf4 Qa5 18.Nb3 Qb4 19.Bd6 Bxd6 20.Rxd6 Kf8 21.Rxf6 
gxf6 22.Rxd7 Red8 23.Rxd8+ Rxd8 24.Bd3 h6 25.h3 Ne5 26.Be2 Ng6 27.Qc7 Qe7 
28.Qb6 Ne5 29.Ne4 Rc8 30.c3 f5 31.Nec5 Rc7 32.Qb4 Kg7 33.Qd4 Qf6 34.Qd6 
Rc6 35.Qb8 f4 36.Ne4 Qf5 37.Ned2 Rb6 38.Nd4 Qf6 39.Qc7 f3 40.N2xf3 Nxf3 
41.Qxb6 1-0

[Event "candidates (w)"]
[Site "Malmo SWE"]
[Date "1986.02.??"]
[Round "10"]
[White "Semenova, Lidia"]
[Black "Litinskaya, Marta"]
[Result "1-0"]
[WhiteElo "2260"]
[BlackElo "2275"]
[EventDate "1986.02.01"]
[PlyCount "89"]

1.e4 e5 2.Nf3 Nc6 3.c3 Nf6 4.d4 Nxe4 5.d5 Nb8 6.Qe2 Nf6 7.Nxe5 Be7 8.Qd1 
O-O 9.Be2 d6 10.Nf3 Bg4 11.O-O Nbd7 12.Na3 Nb6 13.h3 Bh5 14.c4 Re8 15.Nd4 
Bxe2 16.Qxe2 Bf8 17.Qf3 Nfd7 18.b3 g6 19.Bb2 Bg7 20.Nac2 Qh4 21.Rae1 Nc5 
22.Qd1 Nbd7 23.Nf3 Qf4 24.Ncd4 Ne5 25.Nxe5 Bxe5 26.g3 Qh6 27.Kg2 Qf8 28.b4
Nd7 29.Re3 Bf6 30.Rfe1 Nb6 31.Qc2 Rxe3 32.Rxe3 Re8 33.Rf3 Qe7 34.Nc6 Qe4 
35.Qxe4 Rxe4 36.Bxf6 bxc6 37.dxc6 Nxc4 38.b5 Re8 39.Rc3 d5 40.Rd3 Re6 41.
Bd8 a6 42.a4 axb5 43.axb5 Re2 44.Kf1 Rb2 45.Rxd5 1-0

[Event "candidates (w)"]
[Site "Malmo SWE"]
[Date "1986.02.??"]
[Round "11"]
[White "Alexandria, Nana"]
[Black "Wu Mingqian"]
[Result "1-0"]
[WhiteElo "2310"]
[BlackElo "2145"]
[EventDate "1986.02.01"]
[PlyCount "95"]

1.d4 d5 2.c4 c6 3.Nf3 Nf6 4.Nc3 a6 5.c5 Bf5 6.Bf4 h6 7.Qb3 Qc8 8.h3 g5 9.
Bh2 Bg7 10.e3 O-O 11.Ne5 Nfd7 12.f4 Nxe5 13.fxe5 e6 14.g4 Bg6 15.O-O-O Nd7
16.Bd3 Bxd3 17.Rxd3 Qc7 18.Na4 Rfb8 19.Nb6 Nxb6 20.cxb6 Qe7 21.Rc3 Rc8 22.
Qc2 Qb4 23.h4 Qxb6 24.hxg5 hxg5 25.Bg1 Qd8 26.Kb1 Kf8 27.Rh7 c5 28.Rxc5 
Rxc5 29.Qxc5+ Kg8 30.Rh5 Rc8 31.Qb4 Qc7 32.Qd2 Qc4 33.Qd1 f6 34.exf6 Bxf6 
35.Rh3 e5 36.Rf3 Kg7 37.Rf5 e4 38.Bh2 Kg6 39.Be5 Be7 40.Rf2 Rf8 41.Qh1 
Qd3+ 42.Ka1 Rf6 43.Qh5+ Kg7 44.Qxg5+ Kf8 45.Rxf6+ Bxf6 46.Qxf6+ Ke8 47.
Qe6+ Kf8 48.Qc8+ 1-0

[Event "candidates (w)"]
[Site "Malmo SWE"]
[Date "1986.02.??"]
[Round "11"]
[White "Levitina, Irina"]
[Black "Cramling, Pia"]
[Result "1/2-1/2"]
[WhiteElo "2340"]
[BlackElo "2400"]
[EventDate "1986.02.01"]
[PlyCount "80"]

1.d4 Nf6 2.Nf3 c5 3.e3 e6 4.c4 d5 5.a3 a6 6.dxc5 Bxc5 7.b4 Ba7 8.Bb2 O-O 
9.Nbd2 Nc6 10.Bd3 Qe7 11.O-O dxc4 12.Nxc4 b5 13.Nd6 Bd7 14.Rc1 Nd5 15.Ne4 
Rfc8 16.Nc5 Bxc5 17.bxc5 Rd8 18.Bb1 Nf6 19.Qd6 Qxd6 20.cxd6 Nd5 21.Nd4 
Rac8 22.Be4 Na5 23.Nf5 exf5 24.Bxd5 Be6 25.Bxe6 fxe6 26.Rc7 Rxc7 27.dxc7 
Rc8 28.Be5 Kf7 29.Rd1 Ke8 30.Rd6 Nc4 31.Rxa6 Kd7 32.Bxg7 Rxc7 33.h3 Rc6 
34.Ra7+ Rc7 35.Rxc7+ Kxc7 36.Bf8 Kc6 37.Kf1 Kd5 38.Ke2 Nb2 39.g4 Nc4 40.f3
Ne5 1/2-1/2

[Event "candidates (w)"]
[Site "Malmo SWE"]
[Date "1986.02.??"]
[Round "11"]
[White "Litinskaya, Marta"]
[Black "Akhmilovskaya, Elena"]
[Result "1-0"]
[WhiteElo "2275"]
[BlackElo "2305"]
[EventDate "1986.02.01"]
[PlyCount "93"]

1.d4 Nf6 2.c4 g6 3.Nc3 Bg7 4.e4 d6 5.Nf3 O-O 6.h3 e5 7.d5 c6 8.Be3 cxd5 9.
cxd5 Nbd7 10.Nd2 Ne8 11.g4 a5 12.h4 Nc5 13.g5 Bd7 14.Qe2 f6 15.Bh3 fxg5 
16.hxg5 Bxh3 17.Rxh3 Qd7 18.Rh2 Na4 19.Nxa4 Qxa4 20.Qg4 Rf7 21.Qe6 Qd7 22.
Qxd7 Rxd7 23.Nc4 Rc7 24.Nb6 Rb8 25.Kd2 Bf8 26.Rah1 Rf7 27.Rc1 Be7 28.Rhh1 
Ng7 29.Nc8 Bf8 30.Rc3 b5 31.Rc6 Ne8 32.Rhc1 Rbb7 33.Ra6 a4 34.Rcc6 h6 35.
gxh6 g5 36.Rab6 Rbd7 37.Kd3 g4 38.Rxb5 g3 39.fxg3 Rf3 40.Ke2 Rxg3 41.Rb8 
Rg2+ 42.Kd3 Rd8 43.Rc2 Rg3 44.Rf2 Nc7 45.Ke2 Nb5 46.Bb6 Nd4+ 47.Kf1 1-0

[Event "candidates (w)"]
[Site "Malmo SWE"]
[Date "1986.02.??"]
[Round "12"]
[White "Akhmilovskaya, Elena"]
[Black "Semenova, Lidia"]
[Result "1/2-1/2"]
[WhiteElo "2305"]
[BlackElo "2260"]
[EventDate "1986.02.01"]
[PlyCount "169"]

1.Nf3 d5 2.g3 c5 3.Bg2 Nc6 4.d4 e6 5.O-O Nf6 6.c4 dxc4 7.Qa4 cxd4 8.Nxd4 
Qxd4 9.Bxc6+ bxc6 10.Qxc6+ Qd7 11.Qxa8 Bc5 12.Nc3 O-O 13.Rd1 Qc7 14.Qf3 
Bb7 15.Bf4 Qc8 16.e4 Bb4 17.Bd6 Bxc3 18.Bxf8 Bxb2 19.Be7 Nd7 20.Rab1 c3 
21.Rbc1 f5 22.Qe2 Bxc1 23.Rxc1 Bxe4 24.f3 Bd5 25.Qe3 c2 26.Qe2 Kf7 27.Bg5 
h6 28.Be3 Qb7 29.Qxc2 Bxf3 30.Qc7 Qd5 31.Qc4 Qe5 32.Qd4 Qb5 33.Qc4 Qe5 34.
Qd4 Qb5 35.a4 Qb7 36.Qxa7 Qd5 37.Qd4 Qb7 38.Bf4 Bd5 39.a5 Kg6 40.Rc7 Qb1+ 
41.Rc1 Qb5 42.Re1 Qxa5 43.Qd3 Qa4 44.Qc3 Nf6 45.Be5 Qa2 46.Qb2 Qc4 47.Bxf6
gxf6 48.Qe2 Qc5+ 49.Qe3 Qb4 50.Rd1 Qb7 51.Re1 h5 52.h4 Qb2 53.Re2 Qb1+ 54.
Re1 Qb4 55.Rd1 Qc4 56.Rf1 Qc2 57.Rf2 Qd1+ 58.Rf1 Qg4 59.Kh2 Qa4 60.Re1 Be4
61.Qd2 Bd5 62.Qe3 Qc2+ 63.Qe2 Qc7 64.Qe3 Qb8 65.Qf2 Be4 66.Qe3 Qd6 67.Kg1 
Bc6 68.Kh2 Qd5 69.Qe2 Bb7 70.Rd1 Qc6 71.Qf2 Ba8 72.Rf1 Qd5 73.Ra1 Bb7 74.
Rb1 e5 75.Rf1 Kf7 76.Qe2 Kg7 77.Rg1 Kg6 78.Rd1 Qc6 79.Rg1 Qe4 80.Qxe4 fxe4
81.Rb1 Bd5 82.Kg1 Kf5 83.Kf2 Bc4 84.Rb6 Bd3 85.Rd6 1/2-1/2

[Event "candidates (w)"]
[Site "Malmo SWE"]
[Date "1986.02.??"]
[Round "12"]
[White "Cramling, Pia"]
[Black "Alexandria, Nana"]
[Result "1-0"]
[WhiteElo "2400"]
[BlackElo "2310"]
[EventDate "1986.02.01"]
[PlyCount "111"]

1.d4 Nf6 2.c4 e6 3.Nf3 b6 4.a3 Ba6 5.e3 d5 6.b3 Be7 7.Bd3 O-O 8.O-O c5 9.
Bb2 Nc6 10.Qe2 cxd4 11.exd4 Rc8 12.Nbd2 Re8 13.Rad1 Bf8 14.Ne5 dxc4 15.
Ndxc4 Bb7 16.Bb1 Ne7 17.f4 Rc7 18.h3 Bd5 19.Kh2 g6 20.Rde1 Bg7 21.a4 Nf5 
22.Qf2 Nd6 23.Bd3 Nfe4 24.Qc2 f5 25.Qe2 Qh4 26.Qe3 Rec8 27.Rc1 Bf8 28.g3 
Qd8 29.Rc2 Ne8 30.Rfc1 N8f6 31.Be2 a6 32.Na3 Rxc2 33.Nxc2 Bb7 34.Bc4 Nd5 
35.Qe2 b5 36.axb5 axb5 37.Bd3 Ndc3 38.Qe1 b4 39.Bc4 Nd5 40.Ne3 Kg7 41.Nd3 
Ndc3 42.Bxe6 Ra8 43.d5 h5 44.Rc2 Kh7 45.Ne5 Bc5 46.Nf7 Qf6 47.Ne5 Ra2 48.
Bf7 Bxe3 49.Qxe3 Bxd5 50.Bxg6+ Kg7 51.Qd4 h4 52.gxh4 Qd6 53.Nc4+ Qf6 54.
Ne5 Qd6 55.Nc4+ Qf6 56.Qb6 1-0

[Event "candidates (w)"]
[Site "Malmo SWE"]
[Date "1986.02.??"]
[Round "12"]
[White "Wu Mingqian"]
[Black "Litinskaya, Marta"]
[Result "0-1"]
[WhiteElo "2145"]
[BlackElo "2275"]
[EventDate "1986.02.01"]
[PlyCount "43"]

1.e4 c5 2.Nf3 d6 3.d4 cxd4 4.Nxd4 Nf6 5.Nc3 a6 6.f4 e6 7.Be2 Qc7 8.O-O Be7
9.Kh1 b5 10.e5 dxe5 11.fxe5 Nfd7 12.Bxb5 axb5 13.Qf3 O-O 14.Qxa8 Bb7 15.
Ncxb5 Qc4 16.Bg5 Bxa8 17.Bxe7 Nc6 18.Bxf8 Nxf8 19.c3 Nxe5 20.a4 Qd5 21.Nf3
Nxf3 22.gxf3 0-1

[Event "candidates (w)"]
[Site "Malmo SWE"]
[Date "1986.02.??"]
[Round "13"]
[White "Alexandria, Nana"]
[Black "Levitina, Irina"]
[Result "1-0"]
[WhiteElo "2310"]
[BlackElo "2340"]
[EventDate "1986.02.01"]
[PlyCount "59"]

1.d4 e6 2.c4 f5 3.Nc3 Nf6 4.Nf3 Be7 5.d5 O-O 6.g3 Na6 7.Bg2 Nc5 8.O-O a5 
9.b3 Nfe4 10.Nxe4 fxe4 11.Nd4 exd5 12.cxd5 d6 13.Be3 Bf6 14.a3 Bd7 15.b4 
axb4 16.axb4 Rxa1 17.Qxa1 Nb3 18.Qc3 Nxd4 19.Bxd4 Bb5 20.Bxe4 Qe8 21.f3 
Bxd4+ 22.Qxd4 Bxe2 23.Re1 Qb5 24.Bxh7+ Kh8 25.Qh4 Qb6+ 26.Kg2 g5 27.Qh6 
Bxf3+ 28.Kh3 Bg2+ 29.Kxg2 Qf2+ 30.Kh3 1-0

[Event "candidates (w)"]
[Site "Malmo SWE"]
[Date "1986.02.??"]
[Round "13"]
[White "Litinskaya, Marta"]
[Black "Cramling, Pia"]
[Result "0-1"]
[WhiteElo "2275"]
[BlackElo "2400"]
[EventDate "1986.02.01"]
[PlyCount "40"]

1.Nf3 c5 2.c4 Nc6 3.Nc3 e5 4.e3 Nf6 5.Be2 d5 6.cxd5 Nxd5 7.d3 Be7 8.O-O 
O-O 9.Qc2 Be6 10.a3 Rc8 11.Rb1 f5 12.Bd2 Bf6 13.Rbc1 Qd7 14.Rfe1 Nb6 15.
Nd1 c4 16.dxc4 e4 17.Nd4 Bxd4 18.exd4 Nxd4 19.Qc3 Nxe2+ 20.Rxe2 Rxc4 0-1

[Event "candidates (w)"]
[Site "Malmo SWE"]
[Date "1986.02.??"]
[Round "13"]
[White "Akhmilovskaya, Elena"]
[Black "Brustman, Agnieszka"]
[Result "1/2-1/2"]
[WhiteElo "2305"]
[BlackElo "2220"]
[EventDate "1986.02.01"]
[PlyCount "83"]

1.d4 Nf6 2.Nf3 g6 3.c4 Bg7 4.g3 O-O 5.Bg2 d6 6.O-O Nc6 7.d5 Na5 8.Nfd2 c5 
9.a3 Qc7 10.Qc2 Nd7 11.Nc3 a6 12.Rb1 Rb8 13.a4 e5 14.f4 exf4 15.gxf4 Nf6 
16.b3 Qe7 17.e4 Bg4 18.Nf3 Rfe8 19.Bd2 Nh5 20.Rbe1 b6 21.e5 Bxf3 22.Bxf3 
Qh4 23.Bxh5 Qxh5 24.exd6 Bd4+ 25.Kh1 Qh3 26.Rb1 Rbd8 27.Ne4 Nb7 28.Ng3 
Nxd6 29.Bc3 Bxc3 30.Qxc3 Nf5 31.Rfe1 Nh4 32.Rb2 Nf3 33.Re3 Nd4 34.Rb1 Kf8 
35.Rbe1 Qg4 36.Rxe8+ Rxe8 37.Rxe8+ Kxe8 38.Qe3+ Kf8 39.Qe5 Qf3+ 40.Kg1 
Qxg3+ 41.hxg3 Nf3+ 42.Kf2 1/2-1/2

[Event "candidates (w)"]
[Site "Malmo SWE"]
[Date "1986.02.??"]
[Round "14"]
[White "Brustman, Agnieszka"]
[Black "Alexandria, Nana"]
[Result "0-1"]
[WhiteElo "2220"]
[BlackElo "2310"]
[EventDate "1986.02.01"]
[PlyCount "78"]

1.e4 c5 2.c3 d5 3.exd5 Qxd5 4.d4 Nf6 5.Nf3 e6 6.Bd3 Be7 7.O-O O-O 8.Qe2 
Nc6 9.Rd1 cxd4 10.cxd4 Nb4 11.Nc3 Qh5 12.Bc4 Nbd5 13.Bg5 Bd6 14.Bxf6 Nxf6 
15.d5 e5 16.h3 a6 17.Nd2 b5 18.Nde4 Qxe2 19.Bxe2 Rd8 20.Nxf6+ gxf6 21.Ne4 
f5 22.Nxd6 Rxd6 23.b4 Bd7 24.f4 f6 25.Rac1 a5 26.bxa5 Rxa5 27.Rb1 Kf7 28.
Rd2 Ke7 29.Rbb2 Rb6 30.g4 Kd6 31.fxe5+ fxe5 32.gxf5 Bxf5 33.Bg4 Bxg4 34.
hxg4 Ra4 35.Rh2 Rxg4+ 36.Kf1 Kxd5 37.Rbd2+ Rd4 38.Rde2 h6 39.Rh5 Rf4+ 0-1

[Event "candidates (w)"]
[Site "Malmo SWE"]
[Date "1986.02.??"]
[Round "14"]
[White "Cramling, Pia"]
[Black "Semenova, Lidia"]
[Result "1-0"]
[WhiteElo "2400"]
[BlackElo "2260"]
[EventDate "1986.02.01"]
[PlyCount "95"]

1.d4 d5 2.c4 c6 3.Nf3 Nf6 4.Nc3 dxc4 5.a4 Bf5 6.Nh4 Bg4 7.f3 Be6 8.e4 g6 
9.Be2 Qd7 10.f4 Na6 11.Nf3 Rd8 12.O-O Bg7 13.Kh1 O-O 14.Be3 Ng4 15.Bg1 f5 
16.Ng5 Nc7 17.Nxe6 Qxe6 18.e5 Kh8 19.h3 Nh6 20.Qc2 a6 21.a5 Nb5 22.Rad1 
Nxc3 23.Qxc3 Qd7 24.Bxc4 e6 25.Qb3 Rde8 26.Be3 Nf7 27.Bd2 Rg8 28.Bb4 Bf8 
29.Bc5 h6 30.g4 Kh7 31.Rg1 fxg4 32.hxg4 Bxc5 33.dxc5 Qe7 34.Kg2 Rg7 35.Qe3
Qh4 36.Be2 Qe7 37.Bd3 Kg8 38.Bc4 Kh8 39.Rh1 Kg8 40.b4 Qc7 41.Rhe1 Kf8 42.
Rd6 Nxd6 43.exd6 Qf7 44.Qe5 g5 45.Bxe6 gxf4 46.Bxf7 Rxe5 47.Rxe5 Rxf7 48.
Rf5 1-0

[Event "candidates (w)"]
[Site "Malmo SWE"]
[Date "1986.02.??"]
[Round "14"]
[White "Wu Mingqian"]
[Black "Akhmilovskaya, Elena"]
[Result "0-1"]
[WhiteElo "2145"]
[BlackElo "2305"]
[EventDate "1986.02.01"]
[PlyCount "77"]

1.e4 e5 2.Nf3 Nc6 3.Bb5 a6 4.Ba4 Nf6 5.O-O Be7 6.Re1 b5 7.Bb3 d6 8.c3 O-O 
9.h3 Nb8 10.d4 Nbd7 11.Nbd2 Bb7 12.Bc2 Re8 13.a4 Bf8 14.b3 g6 15.Bb2 Bg7 
16.Qb1 Nh5 17.Bd3 c6 18.axb5 cxb5 19.d5 Nf4 20.Bf1 Rf8 21.g3 Nh5 22.c4 b4 
23.Bd3 Nc5 24.Bc2 Bc8 25.Kh2 Bd7 26.Ng1 f5 27.Re2 Rf7 28.exf5 gxf5 29.Nf1 
Bh6 30.Bc1 Bxc1 31.Qxc1 Qf6 32.Nf3 Rg7 33.Ra5 e4 34.Nh4 f4 35.Bxe4 Nxb3 
36.Qd1 Nxa5 37.Ra2 fxg3+ 38.fxg3 Nxg3 39.Nxg3 0-1